000 00812cam a2200229 p 4500
001 000016273
005 20250701132841.0
008 790907s19811973sp b 001 0 spa
020 _a8432301078
040 _aDO-SdBNP
_bspa
_cBNPHU
082 _a330.9
_bS958s
100 1 _aSunkel, Osvaldo
_936188
245 1 3 _aEl subdesarrollo latinoamericano y la teoría del desarrollo /
_cOsvaldo Sunkel, con la colaboración de Pedro Paz.
260 _aMéxico :
_bSiglo Veintiuno ,
_c1981.
300 _aviii, 385 p. :
_bil. ;
_c23 cm.
490 1 _aEconomía y demografía
504 _aIncludes bibliographical references and index.
651 4 _aAmérica Latina
_xCondiciones Económicas
_95778
650 0 _aDesarrollo económico
_985548
700 1 _aPaz, Pedro
_930938
830 0 _aEconomía y demografía
_930740
999 _c15809
_d15809